[Event "COL-chT (Women)"]
[Site "Risaralda"]
[Date "2023.11.21"]
[Round "5.4"]
[White "Rosado Perez, Maria Jose"]
[Black "Mogollon Tobar, Nicolle Juliet"]
[Result "0-1"]
[WhiteElo "1790"]
[BlackElo "1928"]
[PlyCount "122"]
[EventDate "2023.11.19"]
[EventType "team-swiss"]
[EventRounds "7"]
[EventCountry "COL"]
[SourceTitle "CB49_2023"]
[SourceDate "2023.12.06"]
[SourceVersion "1"]
[SourceVersionDate "2023.12.06"]
[SourceQuality "1"]
[WhiteTeam "Bolivar (W)"]
[BlackTeam "Valle (W)"]
[WhiteTeamCountry "COL"]
[BlackTeamCountry "COL"]

1. d4 Nf6 2. Bg5 d5 3. Bxf6 exf6 4. c3 g6 5. Nd2 f5 6. Ngf3 Bg7 7. e3 0-0 8. Be2 Nd7 9. h4 h5 10. Ng5 Nf6 11. Ndf3 Ng4 12. Qb3 Re8 13. Nh3 c6 14. 0-0 Qe7 15. Rfe1 b6 16. c4 Bb7 17. cxd5 cxd5 18. Rac1 Qd6 19. Rc3 Re7 20. Qa3 Qxa3 21. Rxa3 Rc7 22. Rc3 Rxc3 23. bxc3 Rc8 24. Rc1 Bf8 25. Nf4 Ba3 26. Rc2 Nf6 27. Nd2 Bb4 28. Nb1 Ne4 29. Bf3 Bd6 30. Nd3 Ba6 31. Ne1 Kf8 32. Bd1 Be7 33. g3 Bd6 34. Kg2 Ke7 35. Bf3 Ke6 36. Bd1 f6 37. Bf3 Bb5 38. Rc1 Bb4 39. Nc2 Ba5 40. Bxe4 fxe4 41. Ne1 g5 42. hxg5 fxg5 43. f3 Kf5 44. Kf2 exf3 45. Nxf3 Bd3 46. Nfd2 Kg4 47. Kg2 h4 48. gxh4 gxh4 49. Kh2 b5 50. Rg1+ Kh5 51. Rc1 Bc7+ 52. Kh1 Bg3 53. Nf1 Bf2 54. Nbd2 Rg8 55. Nf3 Be4 56. N1h2 Bxe3 57. Re1 Bf2 58. Rf1 Bg3 59. Kg2 Be1+ 60. Kh1 Bxc3 61. Rd1 b4 0-1

[Event "Wch U20 Girls 39th"]
[Site "Mexico City"]
[Date "2023.09.24"]
[Round "5"]
[White "Kanyamarala, Trisha"]
[Black "Mogollon Tobar, Nicolle Juliet"]
[Result "1-0"]
[WhiteElo "2184"]
[BlackElo "1943"]
[PlyCount "125"]
[EventDate "2023.09.21"]
[EventType "swiss"]
[EventRounds "11"]
[EventCountry "MEX"]
[SourceTitle "EXT 2024"]
[Source "ChessBase"]
[SourceDate "2023.10.10"]
[SourceVersion "1"]
[SourceVersionDate "2023.10.10"]
[SourceQuality "1"]

1. d4 Nf6 2. c4 b6 3. Nf3 Bb7 4. g3 c5 5. d5 b5 6. Bg2 bxc4 7. Nc3 g6 8. 0-0 Bg7 9. e4 d6 10. e5 dxe5 11. Nxe5 0-0 12. Re1 Ne8 13. Nc6 Bxc6 14. dxc6 Qxd1 15. Nxd1 Na6 16. c7 Nexc7 17. Bxa8 Rxa8 18. Rxe7 Nd5 19. Re4 Bd4 20. a3 Nac7 21. Bd2 Nb5 22. Rc1 Nd6 23. Re2 f5 24. Nc3 Nf6 25. Kg2 a6 26. a4 Ra7 27. Bg5 Nfe4 28. Nxe4 Nxe4 29. Be3 Rb7 30. Rxc4 Bxe3 31. fxe3 Kf7 32. Rc1 Rb4 33. Ra1 a5 34. Kf1 Kf6 35. Kg2 Ke5 36. Ra3 c4 37. Ra1 Nc5 38. Kf3 h5 39. h4 Ne4 40. Rc2 Nc5 41. Rac1 Kd5 42. Rd1+ Nd3 43. Rdd2 Ke5 44. Re2 Nc5 45. Red2 Nxa4 46. Ke2 Nb6 47. Rd8 Nd5 48. Rd2 Nf6 49. Rc8 Ne4 50. Re8+ Kf6 51. Rc2 Nxg3+ 52. Kf3 Ne4 53. Rc8 Nd6 54. Rc6 Ke7 55. Rg2 Nf7 56. Rc7+ Kf6 57. Rc6+ Ke7 58. Rc7+ Ke8 59. Rc5 a4 60. Ra5 Ke7 61. Rxg6 Rb7 62. Kf4 a3 63. Rxa3 1-0

[Event "Cali Valle Colombia op-A"]
[Site "Cali Valle Colombia"]
[Date "2022.12.27"]
[Round "3"]
[White "Zuluaga Mancilla, Cesar"]
[Black "Mogollon Tobar, Nicolle Juliet"]
[Result "1-0"]
[WhiteElo "2233"]
[BlackElo "1899"]
[PlyCount "115"]
[EventDate "2022.12.26"]
[EventType "swiss"]
[EventRounds "9"]
[EventCountry "COL"]
[SourceTitle "CBM 211 Extra"]
[Source "ChessBase"]
[SourceDate "2023.01.31"]
[SourceVersion "1"]
[SourceVersionDate "2023.01.31"]
[SourceQuality "1"]

1. d4 Nf6 2. Nf3 e6 3. Bf4 c5 4. e3 d5 5. c3 Bd6 6. Bg3 0-0 7. Nbd2 Nc6 8. Bd3 b6 9. Ne5 Qc7 10. f4 Bb7 11. 0-0 Ne7 12. Qb1 g6 13. Bh4 Ne8 14. Qe1 Nf5 15. g4 Nxh4 16. Qxh4 f5 17. gxf5 exf5 18. Ndf3 Qe7 19. Qg3 Ng7 20. Rae1 c4 21. Bc2 b5 22. Rf2 a5 23. Rg2 a4 24. a3 Ra6 25. Ng5 Bxe5 26. dxe5 Ne6 27. Nf3 Kf7 28. h4 Ke8 29. Rd2 Kd7 30. Red1 Qc5 31. Kf2 Kc8 32. h5 Kb8 33. hxg6 hxg6 34. Qh4 Bc6 35. Rg1 Be8 36. Bd1 Bf7 37. Be2 Ra7 38. Qh6 Re8 39. Qh4 Rd7 40. Rgd1 Rf8 41. Bf1 Rdd8 42. Bg2 Rh8 43. Qg3 Rhg8 44. Ke2 Rge8 45. Ne1 Nf8 46. Nc2 Rd7 47. Nb4 Ka7 48. Bxd5 Bxd5 49. Rxd5 Rxd5 50. Rxd5 Qb6 51. Rd6 Qb7 52. Nc6+ Ka8 53. Qg5 Qh7 54. Qg2 Qb7 55. Qd5 Rc8 56. Rd8 Nd7 57. Rxc8+ Qxc8 58. Qxb5 1-0

[Event "Palmira Fortalece Sede"]
[Site "Palmira"]
[Date "2022.12.18"]
[Round "10"]
[White "Quinonez Garcia, Santiago"]
[Black "Mogollon Tobar, Nicolle Juliet"]
[Result "1-0"]
[WhiteElo "2280"]
[BlackElo "1899"]
[PlyCount "37"]
[EventDate "2022.12.13"]
[EventType "swiss"]
[EventRounds "10"]
[EventCountry "COL"]
[SourceTitle "CBM 211 Extra"]
[Source "ChessBase"]
[SourceDate "2023.01.31"]
[SourceVersion "1"]
[SourceVersionDate "2023.01.31"]
[SourceQuality "1"]

1. e4 e6 2. d4 d5 3. Nd2 Nc6 4. Ngf3 Nf6 5. e5 Nd7 6. c3 Be7 7. Bd3 0-0 8. h4 f6 9. Bxh7+ Kxh7 10. Ng5+ Kg8 11. Qh5 fxg5 12. hxg5 Ndxe5 13. dxe5 Nxe5 14. g6 Nxg6 15. Qxg6 Bf6 16. Nf3 e5 17. Bg5 Bxg5 18. Nxg5 Bf5 19. Qh5 1-0

[Event "Palmira Fortalece Sede"]
[Site "Palmira"]
[Date "2022.12.15"]
[Round "5"]
[White "Mogollon Tobar, Nicolle Juliet"]
[Black "Zuluaga Mancilla, Cesar"]
[Result "0-1"]
[WhiteElo "1899"]
[BlackElo "2233"]
[PlyCount "110"]
[EventDate "2022.12.13"]
[EventType "swiss"]
[EventRounds "10"]
[EventCountry "COL"]
[SourceTitle "CBM 211 Extra"]
[Source "ChessBase"]
[SourceDate "2023.01.31"]
[SourceVersion "1"]
[SourceVersionDate "2023.01.31"]
[SourceQuality "1"]

1. e4 c5 2. Nf3 e6 3. d4 cxd4 4. Nxd4 a6 5. c4 Qc7 6. a3 Nc6 7. Be3 Nf6 8. Nc3 h5 9. Be2 Ne5 10. h3 d6 11. Rc1 Ned7 12. b4 b6 13. f4 Bb7 14. Bf3 Rc8 15. 0-0 Qb8 16. Qd3 Be7 17. Rc2 Qa8 18. Re1 g6 19. Bc1 e5 20. Nb3 exf4 21. Bxf4 0-0 22. Nd5 Rfe8 23. Rce2 Bxd5 24. exd5 Bf8 25. g4 Rxe2 26. Rxe2 hxg4 27. hxg4 Re8 28. g5 Nh7 29. Be4 Ne5 30. Qh3 Qc8 31. Qh4 Bg7 32. Rh2 Nf8 33. Bxe5 Rxe5 34. Nd2 Qe8 35. Re2 Re7 36. Qf4 Be5 37. Qe3 Qc8 38. Rg2 Nd7 39. Qd3 Bg7 40. Qh3 Qe8 41. Qh4 a5 42. Rh2 Nf8 43. Kf1 Qa4 44. bxa5 bxa5 45. Rh3 Qd1+ 46. Qe1 Qg4 47. Rg3 Qf4+ 48. Kg2 Be5 49. Rh3 Qxg5+ 50. Kf1 Bg7 51. Nf3 Qf6 52. Qb1 Qf4 53. Bd3 Qg4 54. Ng1 Bd4 55. Rh1 Qf4+ 0-1

[Event "Jamundi Fortalece Sede op"]
[Site "Jamundi"]
[Date "2022.12.08"]
[Round "6"]
[White "Larino Nieto, David"]
[Black "Mogollon Tobar, Nicolle Juliet"]
[Result "1/2-1/2"]
[WhiteElo "2466"]
[BlackElo "1899"]
[PlyCount "131"]
[EventDate "2022.12.05"]
[EventType "swiss"]
[EventRounds "10"]
[EventCountry "COL"]
[SourceTitle "CBM 211 Extra"]
[Source "ChessBase"]
[SourceDate "2023.01.31"]
[SourceVersion "1"]
[SourceVersionDate "2023.01.31"]
[SourceQuality "1"]

1. g3 Nf6 2. Bg2 g6 3. e4 d6 4. Nc3 Bg7 5. h3 0-0 6. d3 e5 7. Nge2 Bd7 8. 0-0 Qc8 9. Kh2 Nc6 10. f4 Nh5 11. f5 h6 12. Nd5 Qd8 13. Nec3 Nd4 14. g4 c6 15. gxh5 cxd5 16. f6 Bxf6 17. Bxh6 Bg7 18. Bxg7 Kxg7 19. Nxd5 f5 20. c3 Ne6 21. exf5 gxf5 22. Rg1 Kh6 23. d4 Be8 24. Bf3 Qh4 25. dxe5 dxe5 26. Rg3 e4 27. Qd2+ Kh7 28. Qe1 Ng5 29. Bh1 Bxh5 30. Qg1 Ne6 31. Qf2 Qd8 32. c4 Qd6 33. Rag1 Rf7 34. Qd2 Qe5 35. Qc3 Nd4 36. Nf4 Qxf4 37. Qxd4 b6 38. R1g2 Rg8 39. Qe3 Qxe3 40. Rxe3 Rxg2+ 41. Bxg2 Kg6 42. h4 Kf6 43. b4 Ke5 44. c5 bxc5 45. bxc5 Kd4 46. Re1 Kxc5 47. Bxe4 fxe4 48. Rxe4 Bf3 49. Re3 Kd4 50. Ra3 Be2 51. Kg3 Rg7+ 52. Kf4 Rg4+ 53. Kf5 Rxh4 54. Rxa7 Kc5 55. a4 Kb6 56. Re7 Bd3+ 57. Kg5 Rxa4 58. Rd7 Bb5 59. Rd5 Kc6 60. Rf5 Bd3 61. Rf4 Be4 62. Rf8 Kd5 63. Rd8+ Ke5 64. Re8+ Kd4 65. Kf4 Bd5 66. Re1 1/2-1/2

[Event "COL-chT Blitz (Women)"]
[Site "Santa Marta"]
[Date "2022.11.07"]
[Round "6.2"]
[White "Mogollon Tobar, Nicolle Juliet"]
[Black "Velez Alvarez, Laura Camila"]
[Result "1-0"]
[WhiteElo "1740"]
[BlackElo "1692"]
[PlyCount "105"]
[EventDate "2022.11.07"]
[EventType "team-swiss"]
[EventRounds "9"]
[EventCountry "COL"]
[SourceTitle "CBM 211 Extra"]
[Source "ChessBase"]
[SourceDate "2023.01.31"]
[SourceVersion "1"]
[SourceVersionDate "2023.01.31"]
[SourceQuality "1"]
[WhiteTeam "Valle (W)"]
[BlackTeam "Caqueta (W)"]
[WhiteTeamCountry "COL"]
[BlackTeamCountry "COL"]

1. e4 c5 2. Nf3 d6 3. d4 cxd4 4. Nxd4 Nf6 5. Nc3 g6 6. Be3 Bg7 7. f3 0-0 8. Qd2 Nc6 9. 0-0-0 d5 10. Nxc6 bxc6 11. e5 Nd7 12. f4 e6 13. Na4 Nb6 14. Nc5 a5 15. h4 a4 16. a3 Nd7 17. Nxd7 Qxd7 18. Bc5 Ba6 19. Bxf8 Bxf8 20. Bxa6 Rxa6 21. h5 c5 22. hxg6 hxg6 23. Qd3 Rb6 24. Rh3 c4 25. Qc3 Qb5 26. Rdh1 Bg7 27. g4 Qc5 28. Rd1 Qf2 29. Rf3 Qe2 30. Re1 Qg2 31. Rg3 Qf2 32. Qe3 Qh2 33. Rh3 Qg2 34. Rg1 Qe4 35. Qxb6 Qxf4+ 36. Qe3 Bxe5 37. Qxf4 Bxf4+ 38. Kd1 e5 39. b3 axb3 40. cxb3 cxb3 41. Rxb3 e4 42. Rb5 d4 43. a4 Be3 44. Rg3 Bf2 45. Rgb3 d3 46. a5 Kg7 47. a6 f6 48. Rb7+ Kh6 49. a7 Bxa7 50. Rxa7 f5 51. gxf5 gxf5 52. Rb5 Kg5 53. Rf7 1-0